Представление документа в формате MARC21

Поле Инд. ПП Название Значение
Тип записи a
Библиографический уровень b
001 Контрольный номер RU/IS/BASE/294412207
005 Дата корректировки 20200522191325.3
008 Кодируемые данные 20090430
040 b Код языка каталог. rus
e Правила каталог. PSBO
041 0_ a Код языка текста rus
084 a Индекс другой классификации/Индекс ББК 83.3(2=411.2)6-004; 86.42
100 1_ a Автор Нагорная Н. А.
245 10 a Заглавие Оккультное и онейрическое в символическом романе В. Брюсова "Огненный ангел"
504 a Библиография Библиогр.: с. 180 - 181
520 0_ a Аннотация Задача этой статьи - попытка исследования оккультного и сновидческого в романе
600 14 a Персоналии Брюсов Валерий Яковлевич
650 14 a Основная рубрика история литературы
a Основная рубрика литературоведение
a Основная рубрика оккультизм
a Основная рубрика религиоведение
a Основная рубрика религия
a Основная рубрика филологические науки
653 0_ a Ключевые слова "Огненный ангел"
a Ключевые слова XX век
a Ключевые слова проза
a Ключевые слова романы
a Ключевые слова Россия
a Ключевые слова символизм
a Ключевые слова сновидения
773 08 t Заглавие источника Вестник Московского университета. Серия 9, Филология
d Дата издания источника 2008
g Прочая информация № 6. - С. 171 - 181
w Контрольный № источника RU/IS/BASE/293109115
901 t Тип документа b